000
00513nam a2200181Ia 4500
008
090124s9999 xx 000 0 und d
082
_b
122799
100
_a
ताम्हणकर अरूण
245
_a
टिकए् बंधन
250
_a
1
260
_c
1988
300
_a
151
600
_a
ताम्हणकर अरूण
630
_a
टिकए् बंधन
700
_a
ताम्हणकर अरूण
730
_a
टिकए् बंधन
942
_c
BOOK
999
_c
168885
_d
168885